000 00514nam a2200181Ia 4500
003 GCL
008 140319s9999 xx 000 0 eng d
040 _aGCL /
_cGCL
082 0 4 _a340.03
_bB D
100 1 _aBADAOWI, A. ZAKI
245 1 0 _aDICTIONNAIRE DES TERMES JURIDIQUES: FRANCAIS - ANGLAIS - ARABE /
_cBADAOWI, A. ZAKI
260 _a[S.N] :
_bDAR ELKITAB AL MARRI ،
_c1989
300 _a267 P
650 0 4 _aFRENCH LANGUAGE - DICTIONARY
650 0 4 _aLAW
650 0 4 _aLAW - DICTIONARY
942 _2ddc
_cBK
999 _c15940
_d15940